Wird geladen...
QUANTUM CHEMISTRY/
| 1. Verfasser: | |
|---|---|
| Format: | Printed Book |
| Veröffentlicht: |
DELHI:
VIVA,
2003.
|
| Schlagworte: |
| LEADER | 00512nam a2200157 4500 | ||
|---|---|---|---|
| 999 | |c 123055 |d 123055 | ||
| 020 | |a 9788130918945 | ||
| 082 | |a 541.28 MCQ/Q | ||
| 100 | |a MCQUARRIE, DONALD A | ||
| 245 | |a QUANTUM CHEMISTRY/ |c Donald A. McQuarrie. | ||
| 260 | |a DELHI: |b VIVA, |c 2003. | ||
| 300 | |a 517 | ||
| 500 | |a | ||
| 650 | |a QUANTUM CHEMISTRY | ||
| 942 | |c BK | ||
| 952 | |0 0 |1 0 |4 0 |6 541_280000000000000_MCQ_Q |7 0 |9 136517 |a CHE |b CHE |g 395.00 |l 0 |o 541.28 MCQ/Q |p CHE4383 |r 2019-10-15 |w 2019-10-15 |y BK | ||